| 000 | 00695nam a2200193 a 4500 | ||
|---|---|---|---|
| 001 | 000037272 | ||
| 005 | 20200930080245.0 | ||
| 008 | 120321s1982 sp f 000 0 spa d | ||
| 020 | _a8400051742 | ||
| 040 |
_aDO-SdBNP _bspa _cBNPHU |
||
| 082 |
_axxx _bxxxx |
||
| 100 | 1 |
_aGuitian Ojea, F. _963698 |
|
| 245 | 1 | 0 |
_aSuelos naturales de la provincia de Lugo. / _cF. Guitian Ojea, T. Carballas Fernández, M. Muñoz Taboadela. |
| 260 |
_aSantiago de Compostela, España : _bConsejo Superior de Investigaciones Científicas, _c1982. |
||
| 300 |
_a151 p. : _blam. ; _c24 cm. |
||
| 504 | _aBibliografía p: 144-151 | ||
| 700 | 1 |
_aCarballas Fernández, T. _963699 |
|
| 700 | 1 |
_aMuñoz Taboadela, M. _963700 |
|
| 999 |
_c36762 _d36762 |
||